Timbres de différents pays - Statistiques

Statistiques générales
  • Ce quiz a été pris 114 fois
  • Le résultat moyen est 9 sur 10
Statistiques - réponses
Par images Réponse % Correct
Allemagne
100%
Turquie
99%
Grèce
98%
Chypre
97%
Géorgie
94%
Irlande
89%
Autriche
84%
Hongrie
79%
Estonie
76%
Iran
74%
Aucun quiz correspondant
Distribution des résultats
% des personnes avec chaque résultat
Percentile par nombre de réponses
Votre historique - résultats
Vous n’avez pas pris ce quiz